| 000 | 00455nam a2200181 a 4500 | ||
|---|---|---|---|
| 001 | 23653 | ||
| 003 | CO-ViMGA | ||
| 008 | 141112s2004 ck r 000 u spa d | ||
| 020 | _a980642378X | ||
| 040 |
_aCO-ViMGA _bspa _cCO-ViMGA |
||
| 082 | 0 | 4 | _aJOHm |
| 100 | 1 |
_aJohnson, Gillian _934180 |
|
| 245 | 1 | 0 |
_aMi hermana lala / _cGillian Johnson |
| 260 |
_avenezuela : _bel nacional |
||
| 300 | _a30p. | ||
| 650 | 1 | 4 |
_aCUENTOS INFANTILES _92743 |
| 942 |
_2ddc _cBK |
||
| 999 |
_c31761 _d31761 |
||